[Event "Tradewise Gibraltar Chess Festival 2014 "]
[Site "The Caleta Hotel - Gibraltar"]
[Date "2014.01.31"]
[Round "4.52"]
[White "Chapman, Terry P D"]
[Black "Khotenashvili, Bela"]
[Result "0-1"]
[WhiteElo "2304"]
[BlackElo "2527"]
[PlyCount "112"]
[EventDate "2014.01.28"]

1. Nf3 g6 2. e4 c6 3. d3 d5 4. Nbd2 Bg7 5. g3 dxe4 6. dxe4 Nf6 7. Bg2 O-O 8.
O-O Na6 9. Re1 Nc5 10. e5 Nd5 11. h3 a5 12. Ne4 Nxe4 13. Rxe4 Bf5 14. Rd4 Qc8
15. g4 Be6 16. c4 Nb4 17. Qe2 a4 18. Bf4 Qc7 19. c5 Nd5 20. Bg3 Qa5 21. Rc1 Nc7
22. a3 Bd5 23. Rb4 Ra7 24. Nd2 Ne6 25. Qe3 Bxg2 26. Kxg2 Rd8 27. Ne4 Rd5 28.
Nc3 Qxc5 29. Nxd5 Qxd5+ 30. Qf3 Nc7 31. Qxd5 Nxd5 32. Re4 Ra6 33. Rcc4 b5 34.
Rc2 e6 35. f4 Bf8 36. Bf2 c5 37. Kf3 c4 38. Be1 Ra7 39. Bd2 Rd7 40. Ba5 Bc5 41.
h4 Kf8 42. Be1 Ke8 43. Ree2 Kd8 44. h5 Kc7 45. Bf2 Be7 46. Ke4 Kc6 47. Be1 Bc5
48. Bd2 Ne7 49. hxg6 hxg6 50. Be3 Bxe3 51. Rxe3 Kc5 52. Ree2 Rd4+ 53. Kf3 Nd5
54. Re4 Rd3+ 55. Kf2 Rh3 56. Kg2 Re3 0-1

[Event "Tradewise Gibraltar Chess Festival 2014 "]
[Site "The Caleta Hotel - Gibraltar"]
[Date "2014.01.31"]
[Round "4.53"]
[White "Cramling, Pia"]
[Black "Wahlbom, Magnus"]
[Result "1-0"]
[WhiteElo "2525"]
[BlackElo "2297"]
[PlyCount "145"]
[EventDate "2014.01.28"]

1. d4 Nf6 2. Nf3 e6 3. c4 b6 4. g3 Ba6 5. b3 b5 6. cxb5 Bxb5 7. Bg2 Bb4+ 8. Bd2
a5 9. O-O O-O 10. Bc3 Nd5 11. Bb2 a4 12. a3 Be7 13. b4 f5 14. Re1 Bf6 15. Qc2
Nc6 16. Nbd2 g6 17. Rac1 Bg7 18. Nc4 Qe7 19. Nfe5 Ra6 20. Qd2 d6 21. Nf3 Nf6
22. Qc2 Ne4 23. Ncd2 d5 24. e3 Rc8 25. Bf1 Na7 26. Bxb5 Nxb5 27. Red1 Nbd6 28.
Qd3 Rb6 29. Rc2 Nxd2 30. Nxd2 Qd7 31. Rdc1 Bf8 32. Qe2 Be7 33. Qd1 Nb5 34. Nf3
Bf6 35. Rc5 Nd6 36. Nd2 Nb7 37. R5c3 Nd6 38. Qc2 Rb7 39. Rc5 Ra7 40. Qd3 Rb8
41. Qe2 Rb6 42. Kg2 Nb5 43. h3 Be7 44. Nf3 Bf6 45. g4 Ra8 46. Ne1 Kh8 47. Nd3
Ra7 48. gxf5 gxf5 49. Qc2 Ra8 50. Kh2 Be7 51. Rg1 Bd6+ 52. Kh1 Rbb8 53. Qe2 Rg8
54. Rcc1 Rxg1+ 55. Rxg1 Rg8 56. Nc5 Rxg1+ 57. Kxg1 Qe8 58. Kf1 Kg8 59. Qd1 Bxc5
60. dxc5 d4 61. Qxa4 Qc6 62. Qb3 Kf7 63. a4 Nc3 64. Bxc3 dxc3 65. Qxc3 Qxa4 66.
Qh8 Qd1+ 67. Kg2 Qd5+ 68. Kg1 Qd1+ 69. Kh2 Qe1 70. Qxh7+ Kf8 71. Qh4 c6 72. Kg2
Ke8 73. Qf6 1-0

[Event "Tradewise Gibraltar Chess Festival 2014 "]
[Site "The Caleta Hotel - Gibraltar"]
[Date "2014.01.31"]
[Round "4.54"]
[White "Hoang, Thanh Trang"]
[Black "Sanchez Jerez, Emilio Miguel"]
[Result "1-0"]
[WhiteElo "2511"]
[BlackElo "2287"]
[PlyCount "61"]
[EventDate "2014.01.28"]

1. d4 Nf6 2. Bg5 d5 3. e3 Nbd7 4. Nf3 g6 5. c4 c6 6. Nc3 Bg7 7. cxd5 Nxd5 8.
Nxd5 cxd5 9. Bd3 Qa5+ 10. Qd2 Qxd2+ 11. Kxd2 f6 12. Bh4 e5 13. e4 dxe4 14. Bxe4
f5 15. Bd5 e4 16. Rhe1 Kf8 17. Rac1 Bf6 18. Rc7 Bxh4 19. Nxh4 Ke7 20. Rec1 Rb8
21. f3 exf3 22. Nxf3 Kd6 23. Bb3 Nf6 24. Ng5 Ne4+ 25. Nxe4+ fxe4 26. Rf7 Bd7
27. Rcf1 Rbd8 28. Ke3 b5 29. R1f6+ Kc7 30. Be6 a5 31. d5 1-0

[Event "Tradewise Gibraltar Chess Festival 2014 "]
[Site "The Caleta Hotel - Gibraltar"]
[Date "2014.01.31"]
[Round "4.55"]
[White "Maisuradze, Nino"]
[Black "Pogonina, Natalija"]
[Result "0-1"]
[WhiteElo "2279"]
[BlackElo "2495"]
[PlyCount "62"]
[EventDate "2014.01.28"]

1. d4 Nf6 2. Nf3 d5 3. c4 e6 4. Nc3 Be7 5. Bf4 O-O 6. e3 b6 7. cxd5 Nxd5 8.
Nxd5 exd5 9. Bd3 c5 10. Ne5 cxd4 11. exd4 Bb4+ 12. Kf1 Bd6 13. Qh5 f5 14. h4
Bxe5 15. dxe5 Nc6 16. Rh3 Kh8 17. Rg3 Qe7 18. Re1 Be6 19. Rg5 Qf7 20. Qf3 Nb4
21. Bb1 Na6 22. h5 Nc5 23. h6 g6 24. Qc3 Rac8 25. Qd4 Ne4 26. Bxe4 Rc4 27. Qd2
fxe4 28. b3 Rc2 29. Qxc2 Qxf4 30. Rc1 Qxg5 31. Qc7 Qxh6 0-1

[Event "Tradewise Gibraltar Chess Festival 2014 "]
[Site "The Caleta Hotel - Gibraltar"]
[Date "2014.01.31"]
[Round "4.57"]
[White "Hambleton, Aman"]
[Black "Gandrud, Vegar Koi"]
[Result "1-0"]
[WhiteElo "2481"]
[BlackElo "2242"]
[PlyCount "95"]
[EventDate "2014.01.28"]

1. d4 Nf6 2. c4 e6 3. Nc3 Bb4 4. Qc2 O-O 5. a3 Bxc3+ 6. Qxc3 d6 7. f3 Nbd7 8.
e4 c5 9. dxc5 Nxc5 10. Be3 Bd7 11. Nh3 Qc7 12. Be2 Rac8 13. O-O Kh8 14. Rac1 b6
15. b4 Nb7 16. Qb2 e5 17. Nf2 Be6 18. Nd1 Qe7 19. Bg5 h6 20. Bh4 g5 21. Bf2 Nh5
22. Re1 Rg8 23. Ne3 Nf4 24. Bf1 h5 25. Nd5 Bxd5 26. cxd5 g4 27. fxg4 Rxc1 28.
Rxc1 Rxg4 29. g3 h4 30. h3 Rxg3+ 31. Bxg3 hxg3 32. Qb3 Qg5 33. Rc8+ Nd8 34. Qf3
f5 35. exf5 Kh7 36. Rc7+ Kg8 37. Rc3 Qxf5 38. Qxg3+ Kf8 39. Rc7 Nf7 40. Rxa7
Nxd5 41. Qg4 Qxg4+ 42. hxg4 Ne3 43. a4 e4 44. a5 bxa5 45. bxa5 Ne5 46. a6 Nf3+
47. Kf2 Nxg4+ 48. Kg3 1-0

[Event "Tradewise Gibraltar Chess Festival 2014 "]
[Site "The Caleta Hotel - Gibraltar"]
[Date "2014.01.31"]
[Round "4.58"]
[White "Rindlisbacher, Jan"]
[Black "Ashwin, Jayaram"]
[Result "0-1"]
[WhiteElo "2250"]
[BlackElo "2473"]
[PlyCount "66"]
[EventDate "2014.01.28"]

1. d4 Nf6 2. c4 e6 3. Nf3 Bb4+ 4. Nbd2 O-O 5. a3 Be7 6. e4 d6 7. Bd3 Nbd7 8.
O-O e5 9. b4 exd4 10. Nxd4 Re8 11. Nf5 Bf8 12. Ne3 b6 13. Re1 Bb7 14. f3 g6 15.
Bb2 h5 16. Qc2 Bh6 17. Nb3 Ne5 18. Rad1 h4 19. c5 Nh5 20. Nc4 Bg7 21. Nxe5 Bxe5
22. Bb5 Re7 23. Nd4 bxc5 24. bxc5 Rb8 25. c6 Bc8 26. Bc4 Re8 27. Bc3 Qf6 28.
Ne2 h3 29. Bxe5 Rxe5 30. g4 Qxf3 31. Bxf7+ Kg7 32. Nd4 Qxg4+ 33. Kh1 Qg2+ 0-1

[Event "Tradewise Gibraltar Chess Festival 2014 "]
[Site "The Caleta Hotel - Gibraltar"]
[Date "2014.01.31"]
[Round "4.59"]
[White "Nicolas Zapata, Irene"]
[Black "Flear, Glenn C"]
[Result "0-1"]
[WhiteElo "2249"]
[BlackElo "2471"]
[PlyCount "82"]
[EventDate "2014.01.28"]

1. Nf3 d5 2. g3 c5 3. Bg2 Nc6 4. d4 e6 5. O-O Qb6 6. dxc5 Bxc5 7. Nc3 Qd8 8.
Na4 Be7 9. c4 Nf6 10. cxd5 Nxd5 11. e4 Nb6 12. Nxb6 Qxb6 13. Qe2 e5 14. Be3 Bc5
15. Bxc5 Qxc5 16. Rac1 Qe7 17. Nh4 g6 18. Qe3 O-O 19. Rfd1 Be6 20. Bf1 Rfd8 21.
Rxd8+ Rxd8 22. Bc4 Bxc4 23. Rxc4 Rd1+ 24. Kg2 Qd7 25. Rc3 Nd4 26. Rc5 Rb1 27.
Qd3 Rxb2 28. Rxe5 Qa4 29. Nf3 Nxf3 30. Qxf3 Rb6 31. Rc5 Rc6 32. Rxc6 bxc6 33.
e5 Qc4 34. Qf6 h5 35. Qd8+ Kh7 36. Qe7 Qxa2 37. h3 Qd5+ 38. Kh2 a5 39. g4 hxg4
40. hxg4 a4 41. f4 Qd2+ 0-1

[Event "Tradewise Gibraltar Chess Festival 2014 "]
[Site "The Caleta Hotel - Gibraltar"]
[Date "2014.01.31"]
[Round "4.60"]
[White "Sanchez Botella, Luis Javier"]
[Black "Larino Nieto, David"]
[Result "1/2-1/2"]
[WhiteElo "2241"]
[BlackElo "2465"]
[PlyCount "81"]
[EventDate "2014.01.28"]

1. d4 Nf6 2. c4 b6 3. Nf3 Bb7 4. Nc3 e6 5. g3 Bb4 6. Bd2 Nc6 7. a3 Bxc3 8. Bxc3
Ne4 9. Rc1 Qf6 10. d5 Nxc3 11. Rxc3 exd5 12. cxd5 Ne7 13. e4 Qd6 14. Bc4 h5 15.
O-O Kf8 16. e5 Qh6 17. h4 c6 18. d6 Nd5 19. Bxd5 cxd5 20. Rc7 Bc6 21. Nd4 g5
22. Qc1 gxh4 23. Qxh6+ Rxh6 24. gxh4 Rg6+ 25. Kh2 Rg4 26. f4 Rd8 27. Nxc6 dxc6
28. Rxc6 d4 29. Rc4 f6 30. Rxd4 Kf7 31. Re4 Rxh4+ 32. Kg3 Rg4+ 33. Kh2 Rdg8 34.
e6+ Ke8 35. Re3 Rg2+ 36. Kh3 Rd2 37. d7+ Ke7 38. Rff3 Rgg2 39. Kh4 Rg4+ 40. Kh3
Rgg2 41. Kh4 1/2-1/2

[Event "Tradewise Gibraltar Chess Festival 2014 "]
[Site "The Caleta Hotel - Gibraltar"]
[Date "2014.01.31"]
[Round "4.61"]
[White "Docx, Stefan"]
[Black "Galmandakh, Badrakh"]
[Result "0-1"]
[WhiteElo "2458"]
[BlackElo "2225"]
[PlyCount "82"]
[EventDate "2014.01.28"]

1. d4 d6 2. Nf3 Nf6 3. c4 g6 4. Nc3 Bg4 5. e3 Bg7 6. Be2 O-O 7. O-O c5 8. h3
cxd4 9. exd4 Bxf3 10. Bxf3 Nc6 11. Be3 e6 12. Rc1 d5 13. cxd5 Nxd5 14. Nxd5
exd5 15. Qa4 Qf6 16. Rfd1 Rfd8 17. Rc5 Ne7 18. Rc7 b6 19. Qb3 Qd6 20. Rdc1 Rd7
21. R7c3 Rad8 22. Qa4 h5 23. Be2 Qf6 24. Bd3 Kh7 25. Rc7 Rxc7 26. Rxc7 a5 27.
Qb5 Bh6 28. Bxh6 Kxh6 29. g3 Qe6 30. Kg2 Rc8 31. Rb7 Qe1 32. Qb3 Rc1 33. Kf3
Qh1+ 34. Ke3 Nf5+ 35. Bxf5 gxf5 36. Qxb6+ Kg7 37. Rxf7+ Kxf7 38. Qb7+ Ke8 39.
Qb8+ Kd7 40. Qb5+ Rc6 41. Qb7+ Rc7 0-1

[Event "Tradewise Gibraltar Chess Festival 2014 "]
[Site "The Caleta Hotel - Gibraltar"]
[Date "2014.01.31"]
[Round "4.62"]
[White "Amgalanbaatar, Ravdanlkhumbuu"]
[Black "Paehtz, Elisabeth"]
[Result "0-1"]
[WhiteElo "2137"]
[BlackElo "2458"]
[PlyCount "82"]
[EventDate "2014.01.28"]

1. e4 e6 2. d4 d5 3. e5 c5 4. c3 Nc6 5. Nf3 Qb6 6. a3 Nh6 7. b4 cxd4 8. cxd4
Nf5 9. Be3 Bd7 10. Be2 Rc8 11. O-O Be7 12. g4 Nxe3 13. fxe3 a6 14. Nbd2 Na7 15.
Nb3 Ba4 16. Qb1 Bb5 17. Bxb5+ Qxb5 18. Rc1 Qe2 19. Rxc8+ Nxc8 20. Qd1 Qxe3+ 21.
Kg2 O-O 22. Nc5 Nb6 23. Qd2 Nc4 24. Qxe3 Nxe3+ 25. Kf2 Nxg4+ 26. Kg3 Bxc5 27.
bxc5 Ne3 28. Rb1 Rb8 29. c6 b5 30. a4 Rc8 31. axb5 axb5 32. Rxb5 Nf5+ 33. Kg4
Ne7 34. h4 Nxc6 35. h5 h6 36. Kf4 Ne7 37. Nh4 Rc4 38. Ke3 Rc2 39. Kf4 Nc6 40.
Rb1 Nxd4 41. Rb8+ Kh7 0-1

[Event "Tradewise Gibraltar Chess Festival 2014 "]
[Site "The Caleta Hotel - Gibraltar"]
[Date "2014.01.31"]
[Round "4.63"]
[White "Pardo Simon, David"]
[Black "Scharrer, Patrick"]
[Result "1-0"]
[WhiteElo "2450"]
[BlackElo "2220"]
[PlyCount "77"]
[EventDate "2014.01.28"]

1. d4 g6 2. c4 Bg7 3. Nc3 d6 4. e4 Nf6 5. Nf3 O-O 6. Be2 Na6 7. O-O e5 8. Be3
Ng4 9. Bg5 Qe8 10. h3 h6 11. Bc1 Nf6 12. dxe5 dxe5 13. Be3 c6 14. b4 Qe7 15. a3
Nh5 16. Re1 Nf4 17. Bf1 Qf6 18. Nd2 Nc7 19. Kh2 Rd8 20. Qc2 Nce6 21. g3 Nd4 22.
Bxd4 exd4 23. e5 Qe6 24. gxf4 dxc3 25. Qxc3 Qf5 26. Qe3 g5 27. fxg5 hxg5 28.
Nf3 g4 29. Nd4 Qh5 30. Rad1 Bh6 31. Qe4 Qh4 32. Kh1 Qxf2 33. e6 g3 34. Bg2 Bxe6
35. Nxe6 Rxd1 36. Rxd1 Re8 37. Qg4+ Kh7 38. Rf1 f5 39. Qh5 1-0

[Event "Tradewise Gibraltar Chess Festival 2014 "]
[Site "The Caleta Hotel - Gibraltar"]
[Date "2014.01.31"]
[Round "4.65"]
[White "Burrows, Martin P"]
[Black "Tania, Sachdev"]
[Result "1-0"]
[WhiteElo "2126"]
[BlackElo "2442"]
[PlyCount "75"]
[EventDate "2014.01.28"]

1. e4 e5 2. Nf3 Nc6 3. Bb5 a6 4. Ba4 Nf6 5. O-O b5 6. Bb3 Be7 7. Re1 O-O 8. h3
d6 9. a3 Be6 10. Bxe6 fxe6 11. d3 Qe8 12. c3 Nh5 13. a4 Rb8 14. axb5 axb5 15.
Ra6 Kh8 16. b4 Nf4 17. Bxf4 Rxf4 18. Nbd2 Qd7 19. Qa1 Rff8 20. Qa2 Rbd8 21. Nb3
Bf6 22. Rd1 Rde8 23. Qd2 Ne7 24. c4 Ng6 25. c5 d5 26. c6 Qc8 27. Ra5 Be7 28.
Nh2 dxe4 29. dxe4 Rd8 30. Qc2 Nf4 31. Rxd8 Qxd8 32. Rxb5 Nd3 33. Nf3 Nxb4 34.
Qc4 Nd3 35. Qxe6 Bd6 36. Nbd2 Qa8 37. Ng5 Qxc6 38. Nf7+ 1-0

[Event "Tradewise Gibraltar Chess Festival 2014 "]
[Site "The Caleta Hotel - Gibraltar"]
[Date "2014.01.31"]
[Round "4.66"]
[White "Georgiadis, Nico"]
[Black "Vea, Odin Blikra"]
[Result "1-0"]
[WhiteElo "2436"]
[BlackElo "2217"]
[PlyCount "57"]
[EventDate "2014.01.28"]

1. e4 c5 2. Nf3 d6 3. d4 cxd4 4. Nxd4 Nf6 5. Nc3 g6 6. Be3 Bg7 7. f3 O-O 8. Qd2
Nc6 9. g4 Nxd4 10. Bxd4 Be6 11. h4 Qa5 12. h5 Rac8 13. a3 b5 14. b4 Qc7 15.
Nxb5 Qb7 16. Bd3 a6 17. Nc3 Bc4 18. O-O-O a5 19. b5 e5 20. Be3 d5 21. hxg6 fxg6
22. g5 Bxd3 23. gxf6 d4 24. fxg7 Rxf3 25. Qh2 Qxg7 26. Rxd3 dxe3 27. Qe2 Rf2
28. Qd1 e2 29. Nxe2 1-0

[Event "Tradewise Gibraltar Chess Festival 2014 "]
[Site "The Caleta Hotel - Gibraltar"]
[Date "2014.01.31"]
[Round "4.67"]
[White "Trent, Lawrence"]
[Black "Mueller, Leonhard"]
[Result "1-0"]
[WhiteElo "2424"]
[BlackElo "2191"]
[PlyCount "61"]
[EventDate "2014.01.28"]

1. e4 c5 2. Nf3 d6 3. Bb5+ Bd7 4. Bxd7+ Qxd7 5. O-O e6 6. c3 Nf6 7. Re1 Nc6 8.
d4 cxd4 9. cxd4 d5 10. e5 Ne4 11. Nbd2 Nxd2 12. Bxd2 Be7 13. Rc1 O-O 14. Rc3
Rac8 15. a3 a6 16. Rd3 Rc7 17. h4 Rfc8 18. Ng5 h6 19. Nh3 f5 20. h5 Bf8 21. g4
fxg4 22. Qxg4 Kh7 23. Nf4 Nd8 24. Rf3 Qe8 25. Ba5 Rf7 26. Bxd8 Rxd8 27. Ree3
Re7 28. Ng6 Rf7 29. Rxf7 Qxf7 30. Rf3 Qg8 31. Qf4 1-0

[Event "Tradewise Gibraltar Chess Festival 2014 "]
[Site "The Caleta Hotel - Gibraltar"]
[Date "2014.01.31"]
[Round "4.68"]
[White "Kenney, Jason"]
[Black "Fenollar Jorda, Manuel"]
[Result "1/2-1/2"]
[WhiteElo "2112"]
[BlackElo "2419"]
[PlyCount "96"]
[EventDate "2014.01.28"]

1. c4 e6 2. g3 d5 3. Nf3 Nf6 4. Bg2 Be7 5. O-O c6 6. b3 O-O 7. d3 a5 8. a3 Nbd7
9. Bb2 Nb6 10. Nbd2 c5 11. d4 dxc4 12. dxc5 Bxc5 13. Qc2 Qe7 14. Nxc4 Nxc4 15.
Qxc4 b6 16. Qc2 Ra7 17. Be5 h6 18. Qb2 Bb7 19. b4 axb4 20. axb4 Rxa1 21. Rxa1
Bxf3 22. Bxf3 Bxb4 23. Ra4 Bc5 24. Rh4 Rd8 25. Qc1 Bd6 26. Bd4 b5 27. Be3 Ba3
28. Qc6 Qd7 29. Qa6 b4 30. Bc5 Qd2 31. Kg2 Qc3 32. Qa5 Rb8 33. Bd6 Rc8 34. Bxb4
Bxb4 35. Qxb4 Qc1 36. Rd4 Qa1 37. Rc4 Rd8 38. Qc3 Qa6 39. Rc6 Qa2 40. Rc8 Rxc8
41. Qxc8+ Kh7 42. Qc6 g5 43. Qc3 Kg6 44. Qd3+ Kg7 45. Qc3 Qb1 46. g4 Kg6 47.
Qe5 Qb4 48. h3 Qc4 1/2-1/2

[Event "Tradewise Gibraltar Chess Festival 2014 "]
[Site "The Caleta Hotel - Gibraltar"]
[Date "2014.01.31"]
[Round "4.69"]
[White "Valsecchi, Alessio"]
[Black "Malmdin, Nils-Ake"]
[Result "1-0"]
[WhiteElo "2418"]
[BlackElo "2175"]
[PlyCount "65"]
[EventDate "2014.01.28"]

1. Nf3 g6 2. d4 Bg7 3. e4 d6 4. h3 Nf6 5. Bd3 O-O 6. O-O Nc6 7. c3 e5 8. Re1 h6
9. Bf1 Re8 10. dxe5 dxe5 11. Qxd8 Rxd8 12. Na3 a6 13. Nc4 Ne8 14. Ne3 Be6 15.
Nd2 Rd7 16. b4 Nd6 17. a4 f5 18. f3 Kh7 19. Nec4 Nxc4 20. Nxc4 f4 21. Ba3 Rad8
22. b5 Nb8 23. Na5 c6 24. bxc6 Nxc6 25. Nxc6 bxc6 26. a5 Rd2 27. Bxa6 Rc2 28.
Bf1 Rxc3 29. Rac1 Rxc1 30. Rxc1 Ra8 31. a6 Bd7 32. Bc5 Bf6 33. Rb1 1-0

[Event "Tradewise Gibraltar Chess Festival 2014 "]
[Site "The Caleta Hotel - Gibraltar"]
[Date "2014.01.31"]
[Round "4.70"]
[White "Mihajlov, Svetoslav"]
[Black "Aloma Vidal, Robert"]
[Result "1-0"]
[WhiteElo "2112"]
[BlackElo "2416"]
[PlyCount "101"]
[EventDate "2014.01.28"]

1. e4 c5 2. Nf3 e6 3. d4 cxd4 4. Nxd4 a6 5. c4 Nf6 6. Nc3 Bb4 7. Bd3 Nc6 8. Nc2
Bxc3+ 9. bxc3 d5 10. cxd5 exd5 11. exd5 Qxd5 12. O-O Be6 13. c4 Qd7 14. Bb2
O-O-O 15. Be2 Qd2 16. Bxf6 gxf6 17. Ne3 Qa5 18. Qb1 Nd4 19. Bd3 f5 20. c5 f4
21. Nc4 Bxc4 22. Bxc4 f3 23. g3 Qc7 24. Re1 h5 25. h4 Rhg8 26. Kh2 Rg4 27. Re4
Rdg8 28. Bd5 Kb8 29. Qb6 Rxe4 30. Bxe4 Re8 31. Bd5 Re5 32. Bxf7 Rxc5 33. Qxc7+
Kxc7 34. Rd1 Nc6 35. g4 hxg4 36. Kg3 Ne5 37. Be6 Rc6 38. Bf5 Rf6 39. Kf4 Nf7
40. Kxg4 b5 41. h5 b4 42. Bg6 Nh8 43. Be4 a5 44. Rd5 Kb6 45. Bd3 Rc6 46. Rb5+
Kc7 47. Rxa5 Rc3 48. Be4 Kd6 49. Rf5 Ke7 50. Bd5 Rd3 51. Bb3 1-0

[Event "Tradewise Gibraltar Chess Festival 2014 "]
[Site "The Caleta Hotel - Gibraltar"]
[Date "2014.01.31"]
[Round "4.71"]
[White "Savina, Anastasia"]
[Black "Iagar, Razvan-Gabriel"]
[Result "1-0"]
[WhiteElo "2402"]
[BlackElo "2171"]
[PlyCount "45"]
[EventDate "2014.01.28"]

1. d4 d5 2. c4 c6 3. Nc3 Nf6 4. e3 e6 5. Nf3 Nbd7 6. Qc2 b6 7. Bd3 Bb7 8. b3
Be7 9. O-O O-O 10. Bb2 h6 11. Ne5 c5 12. Rad1 Rc8 13. Qe2 Qc7 14. f4 Rfd8 15.
f5 exf5 16. Bxf5 dxc4 17. Nb5 Qb8 18. Bxd7 Nxd7 19. Qxc4 Nxe5 20. dxe5 Rf8 21.
Rd7 Rce8 22. Nd6 b5 23. Qxb5 1-0

[Event "Tradewise Gibraltar Chess Festival 2014 "]
[Site "The Caleta Hotel - Gibraltar"]
[Date "2014.01.31"]
[Round "4.72"]
[White "Kuipers, Stefan"]
[Black "Bar, Aviv"]
[Result "1/2-1/2"]
[WhiteElo "2399"]
[BlackElo "2148"]
[PlyCount "60"]
[EventDate "2014.01.28"]

1. e4 e6 2. d3 d5 3. Qe2 dxe4 4. dxe4 e5 5. Nf3 Nc6 6. c3 Nf6 7. h3 h6 8. g4 a5
9. a4 Bc5 10. Nbd2 Be6 11. Nc4 Nd7 12. Bg2 Qb8 13. Ne3 Qa7 14. Nf5 Bf8 15. Qc2
g6 16. Ne3 O-O-O 17. Bf1 Nc5 18. Nd2 Be7 19. Bb5 h5 20. Nd5 Rxd5 21. exd5 Bxd5
22. Rg1 hxg4 23. hxg4 e4 24. Nc4 Nd3+ 25. Kf1 Rh2 26. Be3 Bc5 27. Rg2 Rh1+ 28.
Rg1 Rh2 29. Rg2 Rh1+ 30. Rg1 Rh2 1/2-1/2

[Event "Tradewise Gibraltar Chess Festival 2014 "]
[Site "The Caleta Hotel - Gibraltar"]
[Date "2014.01.31"]
[Round "4.73"]
[White "Milliet, Sophie"]
[Black "Vinas Guerrero, Carlos A"]
[Result "1-0"]
[WhiteElo "2390"]
[BlackElo "2153"]
[PlyCount "37"]
[EventDate "2014.01.28"]

1. e4 d5 2. exd5 Qxd5 3. Nc3 Qa5 4. d4 Nf6 5. Bd2 Bg4 6. f3 Bd7 7. Bc4 Qb6 8.
Nge2 e6 9. Be3 Nc6 10. Qd2 Nb4 11. Nf4 O-O-O 12. a3 e5 13. Nfe2 Qa5 14. O-O
exd4 15. axb4 Qxb4 16. Rxa7 c5 17. Ra8+ Kc7 18. Bf4+ Bd6 19. Bxd6+ 1-0

[Event "Tradewise Gibraltar Chess Festival 2014 "]
[Site "The Caleta Hotel - Gibraltar"]
[Date "2014.01.31"]
[Round "4.74"]
[White "Compton, Alistair"]
[Black "Lampert, Jonas"]
[Result "1/2-1/2"]
[WhiteElo "2105"]
[BlackElo "2358"]
[PlyCount "62"]
[EventDate "2014.01.28"]

1. e4 e5 2. Nf3 Nf6 3. Nc3 Nc6 4. d4 exd4 5. Nxd4 Bb4 6. Nxc6 bxc6 7. Bd3 O-O
8. O-O d5 9. exd5 cxd5 10. Bg5 c6 11. Qf3 Bd6 12. Ne2 Be5 13. c3 Re8 14. h3 Rb8
15. b3 Qc7 16. Bf4 c5 17. Bxe5 Qxe5 18. Qg3 c4 19. bxc4 Ba6 20. Qxe5 Rxe5 21.
Nd4 Rc8 22. Rfe1 Rxe1+ 23. Rxe1 Kf8 24. Nf5 Rd8 25. Ne3 Ne4 26. Nxd5 Rxd5 27.
cxd5 Bxd3 28. d6 Nf6 29. Re5 Nd7 30. Rd5 Bc4 31. Rd4 Bxa2 1/2-1/2

[Event "Tradewise Gibraltar Chess Festival 2014 "]
[Site "The Caleta Hotel - Gibraltar"]
[Date "2014.01.31"]
[Round "4.75"]
[White "Christophe-Hayot, Romain"]
[Black "Reuben, Stewart"]
[Result "1/2-1/2"]
[WhiteElo "1842"]
[BlackElo "2066"]
[PlyCount "94"]
[EventDate "2014.01.28"]

1. Nf3 c5 2. b3 Nc6 3. Bb2 d6 4. e4 e5 5. h3 g6 6. Bc4 Bg7 7. O-O Be6 8. Bb5
Nh6 9. c4 O-O 10. Bxc6 bxc6 11. Nc3 f5 12. d3 Qe7 13. Qc2 fxe4 14. dxe4 Rxf3
15. gxf3 Bxh3 16. Bc1 Bxf1 17. Kxf1 Rf8 18. Ke2 Nf7 19. Qd3 Nd8 20. Be3 Ne6 21.
Rg1 Nd4+ 22. Bxd4 exd4 23. Nb1 Be5 24. Rg4 g5 25. Qd2 Bf4 26. Qd3 h5 27. Rg1 h4
28. Rh1 Qe6 29. Nd2 h3 30. Nf1 h2 31. Rxh2 Bxh2 32. Nxh2 Rf4 33. b4 cxb4 34.
Qxd4 d5 35. cxd5 cxd5 36. Ng4 Rxg4 37. fxg4 Qxe4+ 38. Qxe4 dxe4 39. Ke3 a5 40.
Kxe4 a4 41. Kd3 Kf7 42. Kc4 b3 43. axb3 axb3 44. Kxb3 Ke6 45. Kc4 Ke5 46. Kd3
Kf4 47. Ke2 Kxg4 1/2-1/2

[Event "Tradewise Gibraltar Chess Festival 2014 "]
[Site "The Caleta Hotel - Gibraltar"]
[Date "2014.01.31"]
[Round "4.76"]
[White "Solomon, Kenny"]
[Black "Weichelt, Jens"]
[Result "1-0"]
[WhiteElo "2351"]
[BlackElo "2116"]
[PlyCount "45"]
[EventDate "2014.01.28"]

1. Nf3 Nf6 2. d4 d5 3. c4 e6 4. Nc3 Be7 5. Bf4 O-O 6. e3 Nbd7 7. Be2 dxc4 8.
O-O Nd5 9. Bxc4 Nxf4 10. exf4 Nb6 11. Bd3 Nd5 12. g3 b6 13. Nxd5 exd5 14. Qc2
g6 15. Ne5 Bb7 16. Rfe1 c5 17. f5 c4 18. Bf1 f6 19. Ng4 g5 20. Bg2 Qd7 21. Re6
Rae8 22. Qe2 h5 23. Nh6+ 1-0

[Event "Tradewise Gibraltar Chess Festival 2014 "]
[Site "The Caleta Hotel - Gibraltar"]
[Date "2014.01.31"]
[Round "4.77"]
[White "Reppen, Ellisiv"]
[Black "Kochetkova, Julia"]
[Result "0-1"]
[WhiteElo "1995"]
[BlackElo "2351"]
[PlyCount "66"]
[EventDate "2014.01.28"]

1. e4 c5 2. d4 cxd4 3. Nf3 e6 4. Nxd4 a6 5. Nc3 b5 6. a3 Bb7 7. Bd3 Qb6 8. Nb3
Qc7 9. O-O Nf6 10. Be3 d6 11. Qe2 Be7 12. f4 Nbd7 13. Nd2 O-O 14. g4 Nc5 15. g5
Nfd7 16. Qh5 f5 17. Be2 d5 18. Rf3 g6 19. Qh4 Nxe4 20. Ndxe4 dxe4 21. Rh3 Rf7
22. Rd1 Bc5 23. Qf2 Bxe3 24. Rxe3 e5 25. fxe5 Qxe5 26. a4 f4 27. Rh3 Qxg5+ 28.
Kf1 f3 29. Bxf3 exf3 30. Rg3 Qc5 31. Qd2 b4 32. Nb1 Re8 33. Rg5 Qc4+ 0-1

[Event "Tradewise Gibraltar Chess Festival 2014 "]
[Site "The Caleta Hotel - Gibraltar"]
[Date "2014.01.31"]
[Round "4.78"]
[White "Ben Artzi, Ido"]
[Black "Heer, Stephan"]
[Result "1-0"]
[WhiteElo "2344"]
[BlackElo "2106"]
[PlyCount "97"]
[EventDate "2014.01.28"]

1. d4 Nf6 2. c4 e6 3. Nc3 c5 4. d5 exd5 5. cxd5 d6 6. Nf3 g6 7. Bf4 a6 8. a4
Bg7 9. h3 O-O 10. e3 Qe7 11. Nd2 Nh5 12. Bh2 Nd7 13. Be2 Nhf6 14. Nc4 Ne8 15.
O-O f5 16. Re1 Ne5 17. Nb6 Rb8 18. Qc2 Nd7 19. Nc4 Ne5 20. b3 Bd7 21. Nb6 Nc7
22. Rab1 Na8 23. Nxa8 Rxa8 24. Qd2 Qf6 25. Rec1 a5 26. Bb5 Bxb5 27. Nxb5 Qe7
28. Na3 b6 29. Re1 Qh4 30. Qe2 Rab8 31. Nb5 Qe7 32. Qd2 g5 33. f4 Nf7 34. Qd3
Qe4 35. Qxe4 fxe4 36. fxg5 Rbd8 37. Nc7 Rd7 38. Ne6 Re8 39. Rf1 Be5 40. Rf5 Bc3
41. Rbf1 Bg7 42. R5f4 Rde7 43. h4 Be5 44. Rxe4 Rxe6 45. dxe6 Rxe6 46. Bxe5 Nxe5
47. Ref4 Ng6 48. Rf6 Rxe3 49. h5 1-0

[Event "Tradewise Gibraltar Chess Festival 2014 "]
[Site "The Caleta Hotel - Gibraltar"]
[Date "2014.01.31"]
[Round "4.79"]
[White "Nilsen, Martin"]
[Black "Studer, Noel"]
[Result "0-1"]
[WhiteElo "1878"]
[BlackElo "2337"]
[PlyCount "68"]
[EventDate "2014.01.28"]

1. f4 d5 2. Nf3 Nf6 3. e3 g6 4. Be2 Bg7 5. O-O O-O 6. d3 c5 7. Qe1 Nc6 8. a4
Re8 9. Ne5 Qc7 10. Nxc6 Qxc6 11. Qh4 c4 12. dxc4 dxc4 13. Na3 Be6 14. f5 Bxf5
15. Bxc4 Rf8 16. Bd2 Ne4 17. Bb4 Bf6 18. Qe1 a5 19. Bb5 Qc7 20. Bd2 Bxb2 21.
Ra2 Be5 22. g3 Rfd8 23. Nc4 Nxd2 24. Nxd2 Bc3 25. Bd3 Bxd3 26. cxd3 Rxd3 27.
Rc2 Qd7 28. Qf2 Bxd2 29. Qxf7+ Kh8 30. Rc5 Bxe3+ 31. Kh1 Bxc5 32. Qd5 Qxd5+ 33.
Rf3 Rf8 34. g4 Qxf3# 0-1